1923 1061 1696 1196 1271 1983 1350 1048 1902 1533 1951 1159 1442 1543 1249 1910 1829 1777 1103 1097 1746 1297 1241 1046 1698 1667 1015 1699 1516 1876 1234 1938 1756 1588 1689 1234 1765 1531 1878 1149 1157 1224 1641 1629 1164 1924 1290 1462 1576 1906 1735 1699 1672 1506 1807 1124 1470 1136 1272 1268 1270 1836 1052 1606 1347 1893 1652 1581 1821 1873 1742 1592 1346 1323 1494 1055 1784 1325 1188 1464 1443 1616 1948 1418 1284 1397 1287 1237 1717 1253 1152 1977 1199 1773 1232 1922 1594 1770 1735 BCNSPRNW ULIB Ver.6.0+V

เปลี่ยนเป็นภาษาไทย

Change to English
 แสดงรายละเอียดบรรณานุกรม
  กลับหน้าหลัก

Brief Record : Get Marc (ISO 2709) : E-mail record : QR code < ปิดหน้าต่าง
LEADER : 00000nam 2200000uu 4500
001    13399113620
003     ULIB
008    111124s2550||||th 000 0 tha d
020    ^a9789748755428
090    ^aนว.^bพ975ก 2550
100 0  ^aไพฑูรย์ ธัญญา
245 00 ^aก่อกองทราย/^cNukan
250    ^aพิมพ์ครั้งที่ 34
260    ^aกรุงเทพฯ :^bนาคร,^c2550
300    ^a200 หน้า
710 1  ^aนาคร
945    ^p110^l0^i14445
995    ^aทศพร
999    ^aใช้งานได้ทุกระบบ
รายการนี้ยังไม่มีแท็ก
คุณยังไม่ได้ล็อกอิน คุณสามารถมีกิจกรรมร่วมกับเว็บไซต์ได้ แต่ต้องล็อกอินก่อน ::
  ล็อกอิน

รายการสื่อสารสนเทศ

ลำดับที่ ประเภท เลขเรียก/บาร์โค้ด สถานที่ สถานะ
1. นวนิยาย
นวนิยาย
นว. พ975ก 2550 ฉ.1 
  Barcode: 14445
ห้องสมุดวิทยาเขตสวรรค์ประชารักษ์
►นวนิยาย
บนชั้น
  ขอยืม

BibComment


ยังไม่เคยถูกคอมเมนท์

คอมเมนท์ทรัพยากรรายการนี้
  คอมเมนท์: ก่อกองทราย Nukan


 Copyright 2026. Bcnsprnw @Library